Railway Series Books - Statistics

General Stats
  • This quiz has been taken 186 times
  • The average score is 28 of 42
Answer Stats
Book No. Author Year Answer % Correct
2 Rev. W. Awdry 1946 Thomas the Tank Engine
96%
6 Rev. W. Awdry 1951 Henry the Green Engine
95%
3 Rev. W. Awdry 1948 James the Red Engine
92%
1 Rev. W. Awdry 1945 The Three Railway Engines
89%
9 Rev. W. Awdry 1954 Edward the Blue Engine
88%
7 Rev. W. Awdry 1952 Toby the Tram Engine
88%
8 Rev. W. Awdry 1953 Gordon the Big Engine
85%
11 Rev. W. Awdry 1956 Percy the Small Engine
85%
13 Rev. W. Awdry 1958 Duck and the Diesel Engine
81%
16 Rev. W. Awdry 1961 Branch Line Engines
79%
25 Rev. W. Awdry 1970 Duke the Lost Engine
77%
15 Rev. W. Awdry 1960 The Twin Engines
77%
18 Rev. W. Awdry 1963 Stepney the "Bluebell" Engine
76%
23 Rev. W. Awdry 1968 Enterprising Engines
75%
10 Rev. W. Awdry 1955 Four Little Engines
75%
21 Rev. W. Awdry 1966 Main Line Engines
75%
5 Rev. W. Awdry 1950 Troublesome Engines
75%
4 Rev. W. Awdry 1949 Tank Engine Thomas Again
73%
24 Rev. W. Awdry 1969 Oliver the Western Engine
72%
19 Rev. W. Awdry 1964 Mountain Engines
69%
12 Rev. W. Awdry 1957 The Eight Famous Engines
67%
26 Rev. W. Awdry 1972 Tramway Engines
67%
20 Rev. W. Awdry 1965 Very Old Engines
67%
17 Rev. W. Awdry 1962 Gallant Old Engine
65%
22 Rev. W. Awdry 1967 Small Railway Engines
65%
30 Christopher Awdry 1986 More About Thomas the Tank Engine
64%
42 Christopher Awdry 2011 Thomas and His Friends
60%
38 Christopher Awdry 1994 Wilbert the Forest Engine
57%
41 Christopher Awdry 2007 Thomas and Victoria
56%
34 Christopher Awdry 1990 Jock the New Engine
55%
35 Christopher Awdry 1991 Thomas and the Great Railway Show
53%
31 Christopher Awdry 1987 Gordon the High Speed Engine
52%
28 Christopher Awdry 1984 James and the Diesel Engines
52%
27 Christopher Awdry 1983 Really Useful Engines
52%
32 Christopher Awdry 1988 Toby, Trucks and Trouble
52%
14 Rev. W. Awdry 1959 The Little Old Engine
51%
39 Christopher Awdry 1995 Thomas and the Fat Controller's Engines
51%
40 Christopher Awdry 1996 New Little Engine
49%
36 Christopher Awdry 1992 Thomas Comes Home
47%
37 Christopher Awdry 1993 Henry and the Express
44%
33 Christopher Awdry 1989 Thomas and the Twins
41%
29 Christopher Awdry 1985 Great Little Engines
40%
No matching quizzes found
Score Distribution
Percent of People with Each Score
Percentile by Number Answered
Your Score History
You have not taken this quiz